banner-ar

بدو سيناء فى مصر 1952 - 1981 : (Record no. 66867)

MARC details
000 -الفاتح
حقل البيانات ثابتة الطول 00858nam a2200241Ia 4500
005 - وقت وتاريخ اخر تعامل مع التسجيلة
رقم الضبط 20240530110944.0
008 - عناصر البيانات ثابتة الطول - معلومات عامة
حقل البيانات ثابتة الطول 140319s2021 ua f 000 0 ara d
017 ## - رقم الايداع القانونى
رقم الايداع القانونى 2020/22985
020 ## - الرقم الدولى المعيارى للكتب
الرقم الدولى المعيارى للكتاب 9789778125795
040 ## - مصدر الفهرسة
وكالة الفهرسة الأصلية GCL /
وكالة النسخ GCL
082 04 - رقم تصنيف ديوى العشرى
رقم التصنيف 305.90691
رقم المادة ق/ر ب
100 0# - المدخل الرئيسى - إسم شخصى
الإسم الشخصى رانيه محمد فوزى محمد ابوالنور
245 10 - بيان العنوان
العنوان بدو سيناء فى مصر 1952 - 1981 :
بقية العنوان دراسة سياسية واجتماعية /
بيان المسئوليه,etc رانيه محمد فوزى محمد ابوالنور
250 ## - بيان الطبعة
بيان الطبعة ط. 1
260 ## - PUBLICATION, DISTRIBUTION, ETC. (IMPRINT)
تاريخ النشر أو التوزيع 2021
300 ## - الوصف المادى
التعداد 447 ص. ؛
أبعاد الوعاء 24 سم
650 04 - المدخل الاضافى بالموضوع-مصطلح موضوعى
مصطلح موضوعي القبائل العربية
650 04 - المدخل الاضافى بالموضوع-مصطلح موضوعى
مصطلح موضوعي البدو
650 04 - المدخل الاضافى بالموضوع-مصطلح موضوعى
مصطلح موضوعي المجتمع البدوى
650 04 - المدخل الاضافى بالموضوع-مصطلح موضوعى
مصطلح موضوعي المجتمعات البدوية - سيناء
942 ## - عناصر المدخل الإضافي( كوها)
مصدر التصنيف او مخطط الترفيف Dewey Decimal Classification
Koha [default] item type كتاب
260 ## - PUBLICATION, DISTRIBUTION, ETC. (IMPRINT)
-- القاهرة :
-- المكتب العربى للمعارف ،
Holdings
حالة التراجع حالة الفقد مصدر التصنيف او خطة الترفيف حالة تلف ليس للاعارة المكان المؤقت الموقع الحالى موقع الترفيف تاريخ الاكتساب اجمالي اﻻعارات رقم الطلب الباركود تاريخ اخر مشاهدة تاريخ تفعيل السعر نوع وعاء كوها
    ddc     مكتبة القاهرة الكبرى مكتبة القاهرة الكبرى   11/14/2022   305.90691 ق/ر ب 168836 11/14/2022 11/14/2022 كتاب

Powered By

EGPV